The magic mirror of M.C. Escher / (Record no. 352861)
[ view plain ]
| 000 -LEADER | |
|---|---|
| fixed length control field | 00903 a2200265 4500 |
| 003 - CONTROL NUMBER IDENTIFIER | |
| control field | OSt |
| 005 - DATE AND TIME OF LATEST TRANSACTION | |
| control field | 20180116192349.0 |
| 008 - FIXED-LENGTH DATA ELEMENTS--GENERAL INFORMATION | |
| fixed length control field | 120531t xxu||||| |||| 00| 0 eng d |
| 010 ## - LIBRARY OF CONGRESS CONTROL NUMBER | |
| LC control number | 00267517 |
| 020 ## - INTERNATIONAL STANDARD BOOK NUMBER | |
| International Standard Book Number | 1886155003 |
| 020 ## - INTERNATIONAL STANDARD BOOK NUMBER | |
| International Standard Book Number | 0500512892 |
| 020 ## - INTERNATIONAL STANDARD BOOK NUMBER | |
| International Standard Book Number | 9780500512890 |
| 040 ## - CATALOGING SOURCE | |
| Transcribing agency | 0 |
| 082 00 - DEWEY DECIMAL CLASSIFICATION NUMBER | |
| Classification number | 769.92 |
| 100 1# - MAIN ENTRY--PERSONAL NAME | |
| Personal name | Ernst, Bruno. |
| 9 (RLIN) | 3107 |
| 245 14 - TITLE STATEMENT | |
| Title | The magic mirror of M.C. Escher / |
| Statement of responsibility, etc. | Bruno Ernst ; [translated from the Dutch by John E. Brigham]. |
| 260 ## - PUBLICATION, DISTRIBUTION, ETC. | |
| Place of publication, distribution, etc. | [Amsterdam, Netherlands?] : |
| Name of publisher, distributor, etc. | Evergreen, |
| Date of publication, distribution, etc. | c1994. |
| 300 ## - PHYSICAL DESCRIPTION | |
| Extent | 111 p. : |
| Other physical details | ill. (some col.) ; |
| Dimensions | 30 cm. |
| 500 ## - GENERAL NOTE | |
| General note | Previously published: New York : Random House, c1976. |
| 500 ## - GENERAL NOTE | |
| General note | Includes index. |
| 600 10 - SUBJECT ADDED ENTRY--PERSONAL NAME | |
| Personal name | Escher, M. C. |
| Dates associated with a name | 1898-1972 |
| General subdivision | Themes, motives. |
| 9 (RLIN) | 3108 |
| 700 1# - ADDED ENTRY--PERSONAL NAME | |
| Personal name | Escher, M. C. |
| Dates associated with a name | 1898-1972. |
| 9 (RLIN) | 3109 |
| 942 ## - ADDED ENTRY ELEMENTS (KOHA) | |
| Institution code [OBSOLETE] | SADA |
| Koha item type | Book |
| Call number prefix | 769.92 ERN 1994 |
| Source of classification or shelving scheme | |
| Withdrawn status | Lost status | Source of classification or shelving scheme | Damaged status | Not for loan | Permanent Location | Current Location | Date acquired | Total Checkouts | Full call number | Barcode | Date last seen | Date last checked out | Cost, replacement price | Price effective from | Koha item type |
|---|---|---|---|---|---|---|---|---|---|---|---|---|---|---|---|
| School of Art Design and Architecture (SADA) | School of Art Design and Architecture (SADA) | 04/14/2011 | 1 | 769.92 ERN 1994 | SADA0000907 | 06/15/2015 | 05/28/2015 | 1919.00 | 08/05/2011 | Book |
